Science Quiz

Random Science or Math Quiz

Significant Digits Quiz Stats

 Plays Quiz not verified by Sporcle

Score 0/15 Timer 02:00
0 Plays Today
Number Sig Digs % Correct
98???
90.3%
.123???
87.3%
99.01???
82.4%
1,008???
81.1%
12,000???
80.2%
170.09???
79.7%
130,004???
79.1%
100,000,000???
79.1%
Number Sig Digs % Correct
20???
68.2%
706,500???
65.5%
.008???
62.1%
.0304060???
60.9%
.10500???
59.3%
175.0???
58.8%
41.00???
57.3%

You're not logged in!

Compare scores with friends on all Sporcle quizzes.
OR
Log In

Sporcle TV

Today on Sporcle TV


Watch our educational content, quiz creation guides, and fun videos on Sporcle TV.

Show Comments

Extras

Top Quizzes Today


Score Distribution

Your Account Isn't Verified!

In order to create a playlist on Sporcle, you need to verify the email address you used during registration. Go to your Sporcle Settings to finish the process.

Report this User

Report this user for behavior that violates our Community Guidelines.

Details: